Statistics for Stations served by Thameslink

Click here to take the quiz!

General Stats

  • This quiz has been taken 212 times
    (18 since last reset)
  • The average score is 73 of 142

Answer Stats

idGTR RouteBranchStation Name% Correct
BTNLBrighton Main LineBrighton
94%
CTKCHolborn Viaduct–Herne Hill lineCity Thameslink
94%
GTWLBrighton Main LineGatwick Airport
94%
BFRCHolborn Viaduct–Herne Hill lineBlackfriars
88%
CBGACambridge LineCambridge
88%
LUTCMidland Main LineLuton
88%
ZFDCHolborn Viaduct–Herne Hill lineFarringdon
81%
LBGLBrighton Main LineLondon Bridge
81%
STPCMidland Main LineSt Pancras
81%
TBDLBrighton Main LineThree Bridges
81%
ECRLBrighton Main LineEast Croydon
75%
FPKAEast Coast Main LineFinsbury Park
75%
KGXAEast Coast Main LineKing's Cross
75%
LTNCMidland Main LineLuton Airport Parkway
75%
MILCMidland Main LineMill Hill Broadway
75%
PMRPCatford Loop LinePeckham Rye
75%
PETPSouth Eastern Main LinePetts Wood
75%
STEIPortsmouth LineStreatham
75%
SUOIPortsmouth LineSutton
75%
BDMCMidland Main LineBedford
69%
EPHIHolborn Viaduct–Herne Hill lineElephant and Castle
69%
KTNCMidland Main LineKentish Town
69%
PBRAEast Coast Main LinePotters Bar
69%
WIMISutton Loop LineWimbledon
69%
BCZCMidland Main LineBrent Cross West
63%
DFDQNorth Kent LineDartford
63%
DMKPCatford Loop LineDenmark Hill
63%
ELSCMidland Main LineElstree and Borehamwood
63%
HENCMidland Main LineHendon
63%
HNHIHolborn Viaduct–Herne Hill lineHerne Hill
63%
HORLBrighton Main LineHorley
63%
NBAAEast Coast Main LineNew Barnet
63%
OKLAEast Coast Main LineOakleigh Park
63%
ORPPSouth Eastern Main LineOrpington
63%
PRPLBrighton Main LinePreston Park
63%
PURLBrighton Main LinePurley
63%
RDHLBrighton Main LineRedhill
63%
SCYLBrighton Main LineSouth Croydon
63%
TOOISutton Loop LineTooting
63%
WGCAEast Coast Main LineWelwyn Garden City
63%
WHPCMidland Main LineWest Hampstead Thameslink
63%
BABLBrighton Main LineBalcombe
56%
BECPCatford Loop LineBeckenham Hill
56%
CSHIPortsmouth LineCarshalton
56%
CDSLBrighton Main LineCoulsdon South
56%
CRWNArun Valley lineCrawley
56%
DEPQGreenwich LineDeptford
56%
GNWQGreenwich LineGreenwich
56%
HSKLBrighton Main LineHassocks
56%
HATAEast Coast Main LineHatfield
56%
HYRISutton Loop LineHaydons Road
56%
HHELBrighton Main LineHaywards Heath
56%
MTCIPortsmouth LineMitcham Eastfield
56%
MIJIPortsmouth LineMitcham Junction
56%
NSGAEast Coast Main LineNew Southgate
56%
PBOAEast Coast Main LinePeterborough
56%
SEVPMaidstone LineSevenoaks
56%
SVGAEast Coast Main LineStevenage
56%
TUHIPortsmouth LineTulse Hill
56%
WBOISutton Loop LineWimbledon Chase
56%
ABWQNorth Kent LineAbbey Wood
50%
BGMPCatford Loop LineBellingham
50%
BMSPChatham Main LineBromley South
50%
BUGLBrighton Main LineBurgess Hill
50%
CTFPCatford Loop LineCatford
50%
CTNQGreenwich LineCharlton
50%
CRICMidland Main LineCricklewood
50%
ELDLBrighton Main LineEarlswood
50%
HCBIPortsmouth LineHackbridge
50%
HITAEast Coast Main LineHitchin
50%
LETACambridge LineLetchworth Garden City
50%
LGJIHolborn Viaduct–Herne Hill lineLoughborough Junction
50%
MHMLBrighton Main LineMerstham
50%
NWDLBrighton Main LineNorwood Junction
50%
RDTCMidland Main LineRadlett
50%
RTRQNorth Kent LineRochester
50%
RYSACambridge LineRoyston
50%
SAFLBrighton Main LineSalfords
50%
STHACambridge LineShepreth
50%
SHEPMaidstone LineShoreham
50%
SMOISutton Loop LineSouth Merton
50%
SACCMidland Main LineSt. Albans City
50%
SUCISutton Loop LineSutton Common
50%
WCBQGreenwich LineWestcombe Park
50%
LWSLBrighton Main LineWivelsfield
50%
WWAQNorth Kent LineWoolwich Arsenal
50%
BBLPMaidstone LineBat and Ball
44%
BKLPChatham Main LineBickley
44%
BIWAEast Coast Main LineBiggleswade
44%
CFTPCatford Loop LineCrofton Park
44%
EGRKOxted LineEast Grinstead
44%
GLMQChatham Main LineGillingham
44%
HPDCMidland Main LineHarpenden
44%
MZHQGreenwich LineMaze Hill
44%
MDSISutton Loop LineMorden South
44%
NHDPCatford Loop LineNunhead
44%
PLUQNorth Kent LinePlumstead
44%
RAIQChatham Main LineRainham
44%
RVBPCatford Loop LineRavensbourne
44%
SMYPChatham Main LineSt Mary Cray
44%
WLWAEast Coast Main LineWelwyn North
44%
WSUISutton Loop LineWest Sutton
44%
BDKACambridge LineBaldock
38%
CTMQChatham Main LineChatham
38%
FLTCMidland Main LineFlitwick
38%
GRVQNorth Kent LineGravesend
38%
HUNAEast Coast Main LineHuntingdon
38%
KBWAEast Coast Main LineKnebworth
38%
LEACMidland Main LineLeagrave
38%
MELACambridge LineMeldreth
38%
NFLQNorth Kent LineNorthfleet
38%
OXTKOxted LineOxted
38%
SDYAEast Coast Main LineSandy
38%
SRTPCatford Loop LineShortlands
38%
SGRQNorth Kent LineSlade Green
38%
SNOAEast Coast Main LineSt. Neots
38%
SOOQNorth Kent LineStrood
38%
SAYPChatham Main LineSwanley
38%
UWLKOxted LineUpper Warlingham
38%
ARLAEast Coast Main LineArlesey
31%
AWMACambridge LineAshwell and Morden
31%
DMSKOxted LineDormans
31%
FXNACambridge LineFoxton
31%
HLMCMidland Main LineHarlington
31%
HGMQNorth Kent LineHigham
31%
HRHNArun Valley lineHorsham
31%
HURKOxted LineHurst Green
31%
IFINArun Valley lineIfield
31%
VICPChatham Main LineLondon Victoria
31%
REILBrighton Main LineReigate
31%
RDDKOxted LineRiddlesdown
31%
SNRKOxted LineSanderstead
31%
SIHISutton Loop LineSt Helier
31%
EYNPMaidstone LineEynsford
25%
FGTNArun Valley lineFaygate
25%
GNHQNorth Kent LineGreenhithe
25%
LVNNArun Valley lineLittlehaven
25%
OTFPMaidstone LineOtford
25%
SCGQNorth Kent LineStone Crossing
25%
LFDKOxted LineLingfield
19%
SWMQNorth Kent LineSwanscombe
19%
WHOKOxted LineWoldingham
19%

Score Distribution

Percentile by Number Answered

Percent of People with Each Score

Your Score History

You have not taken this quiz since the last reset